-
SINGH, SUNIL AND BHADORIYA, SANTOSH SINGH.,VERMA,DR. NEERAJ
Entry Personal Name
Number of records used in: 1
001 - CONTROL NUMBER
003 - CONTROL NUMBER IDENTIFIER
005 - DATE AND TIME OF LATEST TRANSACTION
- control field:
20240106160209.0
008 - FIXED-LENGTH DATA ELEMENTS
- fixed length control field:
240106|| aca||aabn | a|a d
040 ## - CATALOGING SOURCE
- Original cataloging agency:
JRU
- Transcribing agency:
JRU
100 ## - HEADING--PERSONAL NAME
- Personal name:
SINGH, SUNIL AND BHADORIYA, SANTOSH SINGH.,VERMA,DR. NEERAJ
670 ## - SOURCE DATA FOUND
- Source citation:
Work cat.: (JRU)5782: SINGH, SUNIL AND BHADORIYA, SANTOSH SINGH.,VERMA,DR. NEERAJ, A TEXTBOOK OF PATHOPHYSIOLOGY